000 00216nam a22000857a 4500
008 160708b xxu||||| |||| 00| 0 eng d
100 _92471
_a Clark, E.T
245 _aThe Chianges of China
260 _aN.Y
_b Abingdon Press
999 _c2139
_d2139